00389nam a2200121Ia 4500008004000000020001900040082001500059100002400074245008100098260001700179300001200196650005900208210210b1995 xxu||||| |||| 00| 0 eng d a81 224 0691 2 a519.2 BISA aBISWAS (Suddhendu). aApplied stochastic process: a biostastical and population oriented approach. aPunebc1995 axiv,427 aApplied stochastic processes biostatistical population